000 00301nam a22001217a 4500
008 160523b xxu||||| |||| 00| 0 eng d
020 _a9780971778535
020 _a0971778531
041 _aeng
080 _a615
245 _aDays to a pharmaceutical sales job interview:
_cLisa Lane;
942 _2udc
_cBK
999 _c2402
_d2402